Rethinking practices and structures (Record no. 65175)

000 -LEADER
fixed length control field 01359pab a2200169 454500
008 - FIXED-LENGTH DATA ELEMENTS--GENERAL INFORMATION
fixed length control field 180718b2005 xxu||||| |||| 00| 0 eng d
100 ## - MAIN ENTRY--PERSONAL NAME
Personal name Berard, T.J.
245 ## - TITLE STATEMENT
Title Rethinking practices and structures
260 ## - PUBLICATION, DISTRIBUTION, ETC.
Date of publication, distribution, etc. 2005
300 ## - PHYSICAL DESCRIPTION
Extent p.196-230.
362 ## - DATES OF PUBLICATION AND/OR SEQUENTIAL DESIGNATION
Dates of publication and/or sequential designation Jun
520 ## - SUMMARY, ETC.
Summary, etc. Social theory remains puzzled by the relation between practices and structures, or the link between `micro' and `macro', Grand theorists including Giddens and Bourdieu have gained distinction for their writings on these questions, trying to marry insights and concerns of a `micro' sociological nature with traditional `macro' structural questions including inequality, power relations, and social reproduction. These theorists arguably fail, however, in their attempts to more social theory beyond traditional dualisms. Relevant but neglected contributions from ethnomethodology are introduced and compared to the work of Giddens and Bourdieu in an attempt to identify and outline an approach to practices and structures that more reliably avoids problems of dualism and reification, and at the same time offers an understanding of structures and their relations to practices that can be much more closely grounded in empirical studies. - Reproduced.
650 ## - SUBJECT ADDED ENTRY--TOPICAL TERM
Topical term or geographic name entry element Social theory
650 ## - SUBJECT ADDED ENTRY--TOPICAL TERM
Topical term or geographic name entry element Social structure
773 ## - HOST ITEM ENTRY
Main entry heading Philosophy of the Social Sciences
909 ## -
-- 65175
Holdings
Withdrawn status Lost status Damaged status Not for loan Permanent Location Current Location Date acquired Serial Enumeration / chronology Barcode Date last seen Price effective from Koha item type
        Indian Institute of Public Administration Indian Institute of Public Administration 2018-07-19 Volume no: 35, Issue no: 2 AR65627 2018-07-19 2018-07-19 Articles

Powered by Koha